Analýza efektov riadenej depreciácie na mikroekonomickej a makroekonomickej úrovni diplomová práca

Na minha lista:
Detalhes bibliográficos
Autor principal: Chudý, Tomáš
Autor Corporativo: Národohospodárska fakulta EU. Katedra bankovníctva a medzinárodných financií
Outros Autores: Širaňová, Mária
Formato: Livro
Idioma:eslovaco
Publicado em: Bratislava 2019
Tags: Adicionar Tag
Sem tags, seja o primeiro a adicionar uma tag!

MARC

LEADER 00000nbm a2200000 4500
001 0254875
005 20190814142944.9
041 0 |a slo 
044 |a SK 
245 1 0 |a Analýza efektov riadenej depreciácie na mikroekonomickej a makroekonomickej úrovni  |b diplomová práca  |c Tomáš Chudý ; školiteľ: Mária Širaňová 
264 1 |a Bratislava  |c 2019 
300 |a 70 s. 
100 1 |a Chudý, Tomáš 
700 1 |a Širaňová, Mária 
710 2 |a Národohospodárska fakulta EU. Katedra bankovníctva a medzinárodných financií